000 00581nam a22001937a 4500
003 KOHA_MİRAKIL
005 20251116172245.0
008 251116b tu ||||| |||| 00| 0 tur d
020 _a9786258062212
040 _aTR-AnABB
_btur
_cTR-AnABB
041 _atur
082 _a813.42
_bUNU 2022
100 1 _aUnutmaz, Süleyman,
245 1 0 _aMeleksiz olduğum her güne senin kanatlarınla başlıyordum /
_cSüleyman Unutmaz
260 _aİstanbul :
_bŞule Yayınları,
_c2022
300 _a214 sayfa ;
_c21 cm
650 0 4 _aTürk edebiyatı, roman
942 _2ddc
_cBK
999 _c9467
_d9467
900 _bGizem YORULMAZ